01015nam a2200241 a 450000100100000000500170001000800410002702000180006804000250008608200220011110000400013324500740017325000110024726000360025830000170029450000350031150400280034604900090037495201260038395201210050995201260063099900170075600002636320200930024529.0110315s2010 dr 000 0 spa d a9789993478485 aDO-SdBNPbspacBNPHU axxxxbL318c, 20101 aLara Mejía, José Antonio95339110aContabilidad práctica universitaria /cJosé Antonio Lara Mejía. a2a ed. aSanto Domingo :bKagili,c2010. av. ;c23 cm. aLa biblioteca posee el libro 1 aBibliografía : p. 229 aBNPD 0010718DSaGRbGRcCTd2011-03-15iLF1l0oxxxx L318c, 2010p26363-30r2020-06-25te. 3w2020-06-25yLFDSZNo se presta 00107-18PDaPDbPDcOId2011-03-15iLF1l0oxxxx L318c, 2010p26363-10r2020-06-25w2020-06-25yLFPDZNo se presta 0010718PDaPDbPDcCTd2011-03-15iLF1l0oxxxx L318c, 2010p26363-20r2020-06-25te. 2w2020-06-25yLFPDZNo se presta c25855d25855